000 00686nam a2200217Ia 4500
005 20250508165336.0
008 008 250505s9999 xx 000 0 eng d
020 _a978-81-259-3718-0
037 _aReference
040 _aFEDL
_beng
_cFEDL
041 _aeng
_2eng
084 _a306.4, DEV/RR
_qFEDL
100 _aDevereaux Constance
_9780545
245 0 _aNarrative, identity and the map of cultural policy: Once upon a time in a globalized world
260 _aFarnham, England
_bAshgate Publishing Limited
_c2013
300 _aix, 184p.
365 _aGBP
_b60
700 _a Griffin Martin
_9780546
942 _cREF
_h306.4, DEV/RR
999 _c1394567
_d1394567